|
|
|
|
| LEADER |
00000nab a2200000 a 4500 |
| 001 |
vtls010079083 |
| 003 |
SK-MaSNL |
| 005 |
20260304154809.0 |
| 008 |
250507c2010 xo mr|p|||||||000 b|slo |
| 015 |
|
|
|a SNBRB2010/03
|2 snkbucl
|
| 035 |
|
|
|a (uuid)b233de1c-566e-4f24-985a-172d453611f2
|
| 035 |
|
|
|a urn:nbn:sk:snk-ab2a5d
|
| 035 |
|
|
|a (urnnbn)urn:nbn:sk:snk:ar-a020hw
|
| 038 |
|
|
|a SNKBUCL
|
| 040 |
|
|
|a SNKBUCL
|b slo
|c SNKBUCL
|e AACR2
|
| 041 |
0 |
|
|a slo
|b eng
|
| 044 |
|
|
|a xo
|c SK
|
| 080 |
|
|
|a 340.114
|2 2001
|
| 100 |
1 |
|
|a Hodás, Milan,
|d 1979-
|4 aut
|9 54480
|
| 245 |
1 |
0 |
|a Smernica ako prameň práva (právna povaha, štriktúra a preberanie členským štátom)
|c Milan Hodás
|
| 504 |
|
|
|a Bibliogr. odkazy
|
| 546 |
|
|
|a Res. angl.
|
| 650 |
0 |
7 |
|a právny poriadok
|2 snkbucl
|9 75668
|
| 650 |
0 |
7 |
|a smernice
|2 snkbucl
|9 273652
|
| 773 |
0 |
|
|t Právny obzor
|g Roč. 93, č. 2 (2010), s. 139-155
|x 0032-6984
|
| 850 |
|
|
|a Slovenská národná knižnica
|
| 852 |
|
|
|a Slovenská národná knižnica
|
| 954 |
|
|
|a odborná, vedecká literatúra pôvodná (slovenská)
|2 lita
|
| 958 |
|
|
|a article27
|
| 958 |
|
|
|a SK
|
| 958 |
|
|
|a NB
|
| 958 |
|
|
|a OND
|
| 958 |
|
|
|a EUIPO
|
| 999 |
|
|
|c 2959310
|d 2961240
|